| 000 | 00749nam a2200205 a 4500 | ||
|---|---|---|---|
| 008 | 120228s2001 ||||||||||||||||| || u | ||
| 020 | _a1899541594 | ||
| 050 | _aRA 783.5 Pol | ||
| 100 | _aPollard, Andrew J | ||
| 245 | 1 | 0 |
_aTravel medicine _cAndrew Pollard, David R. Murdoch |
| 260 |
_aOxford _bHealth _c2001 |
||
| 300 | _a152p.: ill. | ||
| 350 | _a0.00 | ||
| 490 | _aFast facts: indispensable guides to clinical practice | ||
| 500 | _aBibliography | ||
| 650 | _aTRAVEL--HEALTH ASPECTS | ||
| 650 | _aTROPICAL MEDICINE | ||
| 700 | _aMurdoch, David R | ||
| 995 |
_aMICHAEL CHILUFYA SATA OPEN ACCESS _e901760 _FCBU-SCHOOL OF MEDICINE LIBRARY (Ndola) _I0.00 _jRA 783.5 Pol _M1 _UAVAILABLE _WJul 13, 2012 _y901760 _ZMedical Library Open Access Collection |
||
| 999 |
_c32935 _d32935 |
||